书目信息 |
| 题名: |
流体输送与传热技术
|
|
| 作者: | 王壮坤 主编 | |
| 分册: | ||
| 出版信息: | 北京 化学工业出版社 2009.9 |
|
| 页数: | 253页 | |
| 开本: | 26cm | |
| 丛书名: | ||
| 单 册: | ||
| 中图分类: | TQ022.1 , TQ021.3 | |
| 科图分类: | ||
| 主题词: | 流体输送--化工过程--高等教育--教材 , 传热--化工过程--高等教育--教材 , 流体输送 , 化工过程 , 传热 | |
| 电子资源: | ||
| ISBN: | 978-7-122-06357-1 | |
| 000 | 01012nam0 2200301 450 | |
| 001 | 0400004437 | |
| 005 | 20171023193947.0 | |
| 010 | @a978-7-122-06357-1@dCNY30.00 | |
| 100 | @a20091117e20152009em y0chiy50 ea | |
| 101 | 0 | @achi |
| 102 | @aCN@b110000 | |
| 105 | @aa z 000yy | |
| 106 | @ar | |
| 200 | 1 | @a流体输送与传热技术@9liu ti shu song yu chuan re ji shu@f王壮坤主编 |
| 210 | @a北京@c化学工业出版社@d2009.9@h2015.1 | |
| 215 | @a253页@c图@d26cm | |
| 300 | @a高职高专“十一五”规划教材 | |
| 330 | @a本书重点介绍流体输送及传热技术的应用、生产原理、设备结构、操作方法及设备使用维护,每个模块内容包括教学目标、工作任务、理论知识、实践操作、知识拓展及学习评价几部分。 | |
| 606 | 0 | @a流体输送@x化工过程@x高等教育@j教材 |
| 606 | 0 | @a传热@x化工过程@x高等教育@j教材 |
| 606 | 0 | @a流体输送 |
| 606 | 0 | @a化工过程 |
| 606 | 0 | @a传热 |
| 690 | @aTQ022.1@v4 | |
| 690 | @aTQ021.3@v4 | |
| 701 | 0 | @a王壮坤@9wang zhuang kun@4主编 |
| 801 | 0 | @aCN@b91MARC@c20171023 |
| 905 | @b1034736-40@dTQ022.1@f5@e430 | |
| 流体输送与传热技术/王壮坤主编.-北京:化学工业出版社,2009.9(2015.1) |
| 253页:图;26cm |
| 高职高专“十一五”规划教材 |
| ISBN 978-7-122-06357-1:CNY30.00 |
| 本书重点介绍流体输送及传热技术的应用、生产原理、设备结构、操作方法及设备使用维护,每个模块内容包括教学目标、工作任务、理论知识、实践操作、知识拓展及学习评价几部分。 |
| ● |
| 相关链接 |
|
|
|
|
正题名:流体输送与传热技术
索取号:TQ022.1/430
 
预约/预借
| 序号 | 登录号 | 条形码 | 馆藏地/架位号 | 状态 | 备注 |
| 1 | 1034736 | 210347365 | 第二样本阅览室/ [索取号:TQ022.1/430] | 在馆 | |
| 2 | 1034737 | 210347374 | 密集书库-化学系/ [索取号:TQ022.1/430] | 在馆 | |
| 3 | 1034738 | 210347383 | 第三借阅区/ [索取号:TQ022.1/430] | 在馆 | |
| 4 | 1034739 | 210347392 | 第三借阅区/ [索取号:TQ022.1/430] | 在馆 | |
| 5 | 1034740 | 210347409 | 第三借阅区/ [索取号:TQ022.1/430] | 在馆 |